Sesso e repressione sessuale tra i selvaggi /

Uloženo v:
Podrobná bibliografie
Hlavní autor: Malinowski, Bronisław (Autor)
Médium: Kniha
Jazyk:italština
Vydáno: Torino : P. Boringhieri, 1963
Vydání:Rist
Edice:Biblioteca di cultura scientifica. Serie viola ; 10
Tagy: Přidat tag
Žádné tagy, Buďte první, kdo vytvoří štítek k tomuto záznamu!

MARC

LEADER 00000nam a22000007i 4500
001 IT\ICCU\UBO\1263563
003 ItRI
005 20250814231218.0
008 010412s1963 it |||||| ||||| |||||c
040 |b ita  |c ct 
041 7 |a ita  |2 ISO-639-2 
100 1 |a Malinowski, Bronisław  |0 IT\ICCU\CFIV\109248  |4 aut 
240 1 0 |a Sex and repression in savage society  |9 Malinowski, Bronisław 
245 1 0 |a Sesso e repressione sessuale tra i selvaggi /  |c Bronislaw Malinowski. 
250 |a Rist 
260 |a Torino :  |b P. Boringhieri,  |c 1963 
300 |a 266 p., [8] carte di tav. :  |b ill. ;  |c 22 cm. 
830 0 |a Biblioteca di cultura scientifica. Serie viola ;  |v 10  |0 IT\ICCU\UMC\1002787 
942 |2 ddc  |c BK 
952 |0 0  |1 0  |2 ddc  |4 0  |6 B_SSP03MALBRSES11  |7 0  |9 8479  |a MI  |b MI  |d 2005-12-30  |i 1430  |l 0  |o B-SSP03-MALBR-SES11  |p CDOM1430  |r 2025-07-17 21:50:28  |w 2025-07-17  |x ACQUISTO  |y BK 
981 1 |6 z01  |a i   |b xxxe  
982 1 |6 z01  |a n 
999 |c 7063  |d 7063